[Event "IX Floripa Chess Open Fort Atacadista"]
[Site "Florianópolis - Santa Catari"]
[Date "2023.01.29"]
[Round "10.104"]
[White "Da Rosa, Henrique Jaze Simoe"]
[Black "Gomes, Maria Eduarda Papin"]
[Result "1/2-1/2"]
[WhiteElo "1838"]
[BlackElo "1664"]
[PlyCount "89"]
[EventDate "2023.01.23"]
[EventRounds "10"]
[EventCountry "BRA"]

1. Nf3 Nf6 2. c4 g6 3. g3 Bg7 4. Bg2 O-O 5. O-O d6 6. d4 Nbd7 7. Nc3 c5 8. d5
a6 9. a4 Ng4 10. h3 Nge5 11. Nd2 Nf6 12. f4 Ned7 13. e4 Qa5 14. Nb3 Qb4 15. a5
b5 16. axb6 Qxb6 17. Na5 Bb7 18. Qe1 Ne8 19. Na4 Qc7 20. Bd2 Nb6 21. Bc3 Nxa4
22. Rxa4 Bxc3 23. Qxc3 Nf6 24. e5 Nd7 25. exd6 exd6 26. f5 f6 27. Ra3 Ne5 28.
g4 Rab8 29. Nxb7 Qxb7 30. b3 g5 31. Rfa1 Ra8 32. Be4 Ra7 33. Kf2 Re8 34. Bc2
Rea8 35. Qa5 Kf8 36. Ra4 Ke7 37. Rb1 Rb8 38. Ke3 Qb6 39. Qxb6 Rxb6 40. Rba1 Kd7
41. Kd2 Kc7 42. Kc3 Kb7 43. Bd1 Kc7 44. Be2 h6 45. Ra5 1/2-1/2

[Event "IX Floripa Chess Open Fort Atacadista"]
[Site "Florianópolis - Santa Catari"]
[Date "2023.01.29"]
[Round "10.105"]
[White "Da Silva, Lucas Pereira Mende"]
[Black "Stival Da Silva, Javier Rodrigo"]
[Result "1-0"]
[WhiteElo "1838"]
[BlackElo "1640"]
[PlyCount "59"]
[EventDate "2023.01.23"]
[EventRounds "10"]
[EventCountry "BRA"]

1. e4 e5 2. Nf3 Nc6 3. d4 exd4 4. Bc4 Nf6 5. O-O Bc5 6. e5 d5 7. exf6 dxc4 8.
Re1+ Be6 9. Ng5 Qd6 10. fxg7 Rg8 11. Ne4 Qe5 12. Bg5 Qxg7 13. Nf6+ Kf8 14. Qh5
Qg6 15. Nxh7+ Qxh7 16. Qxh7 Rxg5 17. Nd2 Rg8 18. Ne4 Be7 19. Qh6+ Ke8 20. Nf6+
Bxf6 21. Qxf6 Kd7 22. Rad1 Rg6 23. Rxd4+ Nxd4 24. Qxd4+ Ke7 25. Qc5+ Kf6 26.
Qe5+ Ke7 27. f4 Rag8 28. g3 Rd8 29. f5 Rd5 30. Qxd5 1-0

[Event "IX Floripa Chess Open Fort Atacadista"]
[Site "Florianópolis - Santa Catari"]
[Date "2023.01.29"]
[Round "10.106"]
[White "Borsato, Ana Carolina Teodor"]
[Black "Albiero, Marco Antonio Batis"]
[Result "1-0"]
[WhiteElo "1832"]
[BlackElo "1621"]
[PlyCount "53"]
[EventDate "2023.01.23"]
[EventRounds "10"]
[EventCountry "BRA"]

1. e4 e5 2. Nf3 Nc6 3. d4 exd4 4. Bc4 Nf6 5. e5 d5 6. Bb5 Ne4 7. O-O Bc5 8.
Nxd4 Bd7 9. Nb3 Nxe5 10. Bxd7+ Qxd7 11. Nxc5 Nxc5 12. Re1 Qe6 13. f4 Ne4 14.
fxe5 Qxe5 15. Be3 O-O-O 16. Bd4 Qf5 17. Rf1 Qg6 18. Qf3 f6 19. Nc3 c5 20. Nxe4
dxe4 21. Qh3+ Kb8 22. Bxc5 Rd2 23. Bxa7+ Ka8 24. Bf2 Rhd8 25. Qa3+ Kb8 26. Bg3+
Kc8 27. Qc3+ 1-0

[Event "IX Floripa Chess Open Fort Atacadista"]
[Site "Florianópolis - Santa Catari"]
[Date "2023.01.29"]
[Round "10.108"]
[White "Resende, Lucas B. Massucato"]
[Black "De Oliveira, Gualter Amelio"]
[Result "1/2-1/2"]
[WhiteElo "1824"]
[BlackElo "1563"]
[PlyCount "143"]
[EventDate "2023.01.23"]
[EventRounds "10"]
[EventCountry "BRA"]

1. d4 d6 2. Nf3 Nf6 3. Nc3 Bf5 4. Nh4 Bg4 5. h3 Bc8 6. e4 b6 7. Bg5 Bb7 8. d5
Nbd7 9. Nf3 a6 10. Nd4 g6 11. Be2 Bg7 12. Qd2 h6 13. Bf4 Qc8 14. Bf3 Ne5 15.
O-O-O Nfd7 16. Be2 c5 17. Nb3 Qd8 18. Be3 f6 19. f4 Nf7 20. Bg4 Qc7 21. Be6 Rf8
22. Qe2 O-O-O 23. Qg4 g5 24. g3 Kb8 25. h4 c4 26. Nd4 Nc5 27. Ncb5 axb5 28.
Nxb5 Nxe6 29. Nxc7 Nxc7 30. Bxb6 Bc8 31. Qe2 Ba6 32. Qe3 Rc8 33. Ba5 Nd8 34.
Rhf1 Na8 35. Bc3 Nb7 36. e5 gxh4 37. gxh4 f5 38. Rg1 Bh8 39. Rg6 Nc5 40. exd6
exd6 41. Rxd6 Bxc3 42. Qxc3 Ne4 43. Qb4+ Bb7 44. Rd7 Nc5 45. Rg7 Rfe8 46. Re1
Rxe1+ 47. Qxe1 Nc7 48. d6 N7e6 49. d7 Rd8 50. Re7 Be4 51. Qa5 Kb7 52. a4 Kc6
53. Rh7 h5 54. Kd2 Nc7 55. Rh6+ N5e6 56. Rh7 Nc5 57. Qc3 Bd5 58. Qf6+ N7e6 59.
Qxf5 Be4 60. Qxh5 Bxh7 61. f5 Rxd7+ 62. Ke3 Nd4 63. f6 Nf5+ 64. Kf2 Ne4+ 65.
Kf3 Nxf6 66. Qg5 Nd6 67. b4 Bxc2 68. Qc5+ Kb7 69. a5 Be4+ 70. Kf4 Nd5+ 71. Ke5
c3 72. b5 1/2-1/2

[Event "IX Floripa Chess Open Fort Atacadista"]
[Site "Florianópolis - Santa Catari"]
[Date "2023.01.29"]
[Round "10.109"]
[White "Gatelli, Jacson Henrique"]
[Black "Fraga, Heitor Carneiro"]
[Result "1-0"]
[WhiteElo "1820"]
[BlackElo "1556"]
[PlyCount "149"]
[EventDate "2023.01.23"]
[EventRounds "10"]
[EventCountry "BRA"]

1. d4 d5 2. c4 e6 3. Nc3 Nf6 4. Bg5 Be7 5. e3 h6 6. Bh4 O-O 7. Nf3 b6 8. cxd5
Nxd5 9. Bg3 Bb7 10. a3 Nd7 11. Rc1 c5 12. Nxd5 Bxd5 13. Be2 Nf6 14. O-O Ne4 15.
Bf4 Bf6 16. Be5 Qe7 17. Bxf6 Qxf6 18. Ne5 Rfd8 19. f3 Nd6 20. Ng4 Qe7 21. dxc5
Nb7 22. Qc2 Rac8 23. Qb1 Nxc5 24. b4 Nd7 25. e4 Bb7 26. Rfd1 Rxc1 27. Qxc1 Nf6
28. Nxf6+ Qxf6 29. Rxd8+ Qxd8 30. Qc3 Qd7 31. Kf2 Bc6 32. Qd3 Qxd3 33. Bxd3 e5
34. Ke3 f6 35. g3 Kf7 36. Bc4+ Ke7 37. f4 Kd6 38. Bd3 Ba4 39. h4 Kc6 40. Bc4
Bc2 41. fxe5 fxe5 42. Bd5+ Kb5 43. Kd2 Bb1 44. Kc3 a5 45. Bb7 g6 46. Bd5 Ka6
47. Bc6 Ba2 48. Be8 g5 49. hxg5 hxg5 50. Bc6 Be6 51. Bd5 Bd7 52. Bf7 Kb7 53.
Kd3 Kc6 54. Bc4 Kd6 55. Bd5 Bh3 56. Ke3 Bg4 57. Kd3 Bd7 58. Kc3 Bg4 59. Kd3 Bd7
60. Kc3 Bb5 61. Kb3 Bd7 62. Kc4 Ba4 63. Bb7 Bc6 64. Bxc6 Kxc6 65. bxa5 bxa5 66.
g4 a4 67. Kb4 Kd6 68. Kxa4 Kc5 69. Kb3 Kd4 70. a4 Kxe4 71. a5 Kd5 72. Kc3 Kc5
73. Kd3 Kb5 74. Ke4 Kxa5 75. Kxe5 1-0

[Event "IX Floripa Chess Open Fort Atacadista"]
[Site "Florianópolis - Santa Catari"]
[Date "2023.01.29"]
[Round "10.110"]
[White "Dos Santos, Gustavo Mota"]
[Black "Ramazzotte, Adriano"]
[Result "0-1"]
[WhiteElo "1810"]
[BlackElo "1490"]
[PlyCount "80"]
[EventDate "2023.01.23"]
[EventRounds "10"]
[EventCountry "BRA"]

1. e4 c6 2. d4 d5 3. f3 dxe4 4. fxe4 e5 5. Nf3 Bg4 6. Bc4 Qxd4 7. Bxf7+ Ke7 8.
Nxd4 Bxd1 9. Ne6 Kxf7 10. Nc7 Bxc2 11. Nc3 Bb4 12. O-O+ Nf6 13. Nxa8 Na6 14.
Bg5 Rxa8 15. Rac1 Bxc3 16. bxc3 Bxe4 17. Rfe1 Nc5 18. Bxf6 gxf6 19. Rcd1 Ke7
20. Re3 Rd8 21. Rde1 Bg6 22. R1e2 e4 23. Rb2 Rd1+ 24. Kf2 Nd3+ 25. Rxd3 Rxd3
26. Rxb7+ Rd7 27. Rb4 Rd2+ 28. Ke3 Rxa2 29. Rb7+ Ke6 30. g4 Rxh2 31. Rxa7 Rh3+
32. Kd4 Kd6 33. Ra8 c5+ 34. Kc4 Bf7+ 35. Kb5 Rxc3 36. Ra6+ Ke5 37. Ra7 Bg6 38.
Re7+ Kf4 39. Kc6 Kxg4 40. Kd5 f5 0-1

[Event "IX Floripa Chess Open Fort Atacadista"]
[Site "Florianópolis - Santa Catari"]
[Date "2023.01.29"]
[Round "10.111"]
[White "Machado, Leonardo Ribeiro"]
[Black "Vieira, Luana Saddi"]
[Result "1-0"]
[WhiteElo "1807"]
[BlackElo "1400"]
[PlyCount "103"]
[EventDate "2023.01.23"]
[EventRounds "10"]
[EventCountry "BRA"]

1. c4 e5 2. Nc3 Bc5 3. g3 Nf6 4. Bg2 O-O 5. e3 Re8 6. Nge2 c6 7. O-O d6 8. d4
Bb4 9. a3 Bxc3 10. Nxc3 Bf5 11. e4 Bg6 12. d5 cxd5 13. cxd5 Nbd7 14. Be3 b6 15.
f3 Qe7 16. Rc1 Rec8 17. Rf2 Ne8 18. Nb5 Rxc1 19. Qxc1 a6 20. Qc6 Rb8 21. Nc3
Qd8 22. Bh3 Ndf6 23. Na4 b5 24. Nc3 Qc7 25. Qxa6 b4 26. axb4 Rxb4 27. Qa8 Qb8
28. Qxb8 Rxb8 29. Na4 Rb4 30. Nc3 Nc7 31. Rc2 Nfe8 32. Bd7 Kf8 33. g4 Ke7 34.
Bc6 h5 35. h3 Na6 36. Kf2 hxg4 37. hxg4 f6 38. Ke2 Nec7 39. Na2 Rb8 40. Bd2 Be8
41. Bxe8 Kxe8 42. Ba5 Nb5 43. Bc3 Kd7 44. Ke3 g5 45. Rh2 Re8 46. Rh7+ Kc8 47.
Nb4 Nac7 48. Nc6 Nxc3 49. bxc3 Kb7 50. Rd7 Kb6 51. Rxd6 Nb5 52. Nxe5+ 1-0

[Event "IX Floripa Chess Open Fort Atacadista"]
[Site "Florianópolis - Santa Catari"]
[Date "2023.01.29"]
[Round "10.112"]
[White "Casas, Nicolas"]
[Black "De Melo, Jailson Jose"]
[Result "0-1"]
[WhiteElo "1803"]
[BlackElo "1929"]
[PlyCount "56"]
[EventDate "2023.01.23"]
[EventRounds "10"]
[EventCountry "BRA"]

1. d4 Nf6 2. Nf3 g6 3. Bf4 Bg7 4. e3 O-O 5. Bc4 d5 6. Bb3 c5 7. c3 b6 8. O-O
Nc6 9. Nbd2 Nh5 10. Ne5 Nxe5 11. Bxe5 f6 12. Bg3 Nxg3 13. hxg3 Bb7 14. f4 e5
15. fxe5 fxe5 16. Rxf8+ Qxf8 17. dxe5 Bxe5 18. Nf3 Qd6 19. Nxe5 Qxe5 20. Qe1
Re8 21. Rd1 Kh8 22. Kf2 Qe4 23. Qe2 d4 24. Qf3 Qe7 25. Qe2 Qxe3+ 26. Qxe3 dxe3+
27. Ke2 Bxg2 28. Bc4 Bh3 0-1

[Event "IX Floripa Chess Open Fort Atacadista"]
[Site "Florianópolis - Santa Catari"]
[Date "2023.01.29"]
[Round "10.113"]
[White "Mariano, Marceley Martins"]
[Black "Campagnolo, Fabiola"]
[Result "1-0"]
[WhiteElo "2089"]
[BlackElo "1682"]
[PlyCount "101"]
[EventDate "2023.01.23"]
[EventRounds "10"]
[EventCountry "BRA"]

1. e4 c5 2. Nf3 a6 3. Bc4 Nc6 4. c3 b5 5. Bb3 c4 6. Bc2 d5 7. exd5 Qxd5 8. O-O
Bg4 9. Re1 Nf6 10. d4 cxd3 11. Bxd3 Bxf3 12. Qxf3 Qxf3 13. gxf3 e6 14. Bg5 Be7
15. Nd2 O-O 16. Nf1 Rfd8 17. Rad1 Rac8 18. a4 bxa4 19. Bxa6 Rxd1 20. Rxd1 Rb8
21. Bc1 Nd5 22. Be2 Na5 23. Ne3 Nf4 24. Bf1 Nb3 25. Nc4 Nd5 26. Bd2 f6 27. Be1
Kf7 28. Bd3 Nb6 29. Ne3 Rd8 30. Bb5 Rxd1 31. Nxd1 a3 32. bxa3 Bxa3 33. c4 Bc5
34. Kf1 Ke7 35. Nc3 f5 36. Ne2 Kd6 37. f4 Ba3 38. Bc3 g6 39. Nd4 Nc5 40. Nc2
Bc1 41. Be5+ Ke7 42. Ke2 Ncd7 43. Bc7 e5 44. fxe5 Bf4 45. Bd6+ Kd8 46. c5 Nd5
47. Bxd7 Kxd7 48. e6+ Kxe6 49. Nd4+ Kd7 50. Bxf4 Nxf4+ 51. Kf3 1-0

[Event "IX Floripa Chess Open Fort Atacadista"]
[Site "Florianópolis - Santa Catari"]
[Date "2023.01.29"]
[Round "10.114"]
[White "Carvalho, Felipe Lobo C."]
[Black "Vaz, Osvaldo Jose"]
[Result "1-0"]
[WhiteElo "2068"]
[BlackElo "1660"]
[PlyCount "79"]
[EventDate "2023.01.23"]
[EventRounds "10"]
[EventCountry "BRA"]

1. d4 e6 2. Bf4 Nf6 3. e3 b6 4. Nf3 Bb7 5. h3 d6 6. Be2 Nbd7 7. O-O Be7 8. c4
O-O 9. Nc3 a6 10. Qc2 Rc8 11. b4 c6 12. a4 d5 13. c5 Ra8 14. a5 b5 15. Bd3 Re8
16. g4 Nf8 17. Bh2 Ng6 18. Kh1 Nd7 19. Rg1 Ndf8 20. g5 f5 21. gxf6 Bxf6 22. Be5
Ra7 23. Ne2 Bc8 24. Rg2 Bxe5 25. dxe5 Nh4 26. Nxh4 Qxh4 27. Nd4 Rf7 28. Kh2 Bd7
29. Rag1 Ng6 30. Bxg6 hxg6 31. Qxg6 Ree7 32. Qc2 Rf8 33. Rg3 Ref7 34. f4 Qh7
35. Rg6 Kh8 36. Qg2 Rg8 37. Qg5 Rf5 38. Nxf5 exf5 39. Qe7 Bc8 40. R1g5 1-0

[Event "IX Floripa Chess Open Fort Atacadista"]
[Site "Florianópolis - Santa Catari"]
[Date "2023.01.29"]
[Round "10.115"]
[White "Lutz, Igor Oscar"]
[Black "Miranda, Marina Lima"]
[Result "0-1"]
[WhiteElo "2022"]
[BlackElo "1672"]
[PlyCount "116"]
[EventDate "2023.01.23"]
[EventRounds "10"]
[EventCountry "BRA"]

1. d4 Nf6 2. c4 c5 3. d5 b5 4. cxb5 a6 5. b6 g6 6. Nc3 Qxb6 7. Nf3 Bg7 8. e4 d6
9. Nd2 Nbd7 10. Nc4 Qc7 11. Qa4 O-O 12. Be2 Nb6 13. Qa5 Nfd7 14. Na4 Rb8 15.
Bg5 Re8 16. Bg4 e6 17. dxe6 fxe6 18. Bf4 Bf8 19. Rd1 Qc6 20. Ncxb6 Nxb6 21.
Nxb6 Qxe4+ 22. Be2 Qxf4 23. O-O Qb4 24. Qxb4 cxb4 25. Nxc8 Rexc8 26. Bg4 Re8
27. Rfe1 e5 28. Rc1 h5 29. Bh3 Rb6 30. Rc7 Re7 31. Rc8 Kf7 32. Rec1 d5 33. g4
hxg4 34. Bxg4 d4 35. Bd1 Bh6 36. Bb3+ Kg7 37. Rg8+ Kf6 38. Rcc8 Bg7 39. f3 Rd6
40. Kf2 Kg5 41. Kg3 d3 42. Rc5 d2 43. Bd1 Kf6 44. Kf2 e4 45. f4 Bh6 46. Ke3
Rd3+ 47. Ke2 Bxf4 48. Rf8+ Rf7 49. Rc6+ Kg7 50. Rxf7+ Kxf7 51. Bb3+ Kg7 52.
Rxa6 Re3+ 53. Kf2 Re1 54. Ra7+ Kh6 55. Rd7 e3+ 56. Kf3 Bxh2 57. Kg4 e2 58. Bg8
Rg1+ 0-1

[Event "IX Floripa Chess Open Fort Atacadista"]
[Site "Florianópolis - Santa Catari"]
[Date "2023.01.29"]
[Round "10.116"]
[White "Messias, Jose Vitor Lamosa P"]
[Black "Bassani, Eduardo"]
[Result "0-1"]
[WhiteElo "1661"]
[BlackElo "1912"]
[PlyCount "118"]
[EventDate "2023.01.23"]
[EventRounds "10"]
[EventCountry "BRA"]

1. e4 c6 2. d4 d5 3. exd5 cxd5 4. c4 Nf6 5. Nc3 Be6 6. Qb3 Qb6 7. Qxb6 axb6 8.
Nb5 Na6 9. Bf4 dxc4 10. Nf3 Nd5 11. Bd2 Rc8 12. a3 Bd7 13. Na7 Ra8 14. Bxc4
Ndc7 15. Ne5 Rxa7 16. Nxf7 Rg8 17. Nd6+ exd6 18. Bxg8 h6 19. O-O Be7 20. Rfe1
Kf8 21. Ba2 Bf6 22. Bf4 Ne8 23. Rad1 g5 24. Bg3 b5 25. Be6 b6 26. Bxd7 Rxd7 27.
Rd3 Kf7 28. b4 Nac7 29. f4 d5 30. fxg5 hxg5 31. Be5 Kg6 32. Rc3 Re7 33. Rc6 Re6
34. Rec1 Bxe5 35. Rxe6+ Nxe6 36. dxe5 Kf5 37. Rc6 Kxe5 38. Rxb6 Nd6 39. g3 Nd4
40. h4 gxh4 41. gxh4 Nf3+ 42. Kf2 Nxh4 43. a4 bxa4 44. Ra6 Ne4+ 45. Ke2 Nf5 46.
Ra5 Kd4 47. Kf3 Nc3 48. Ra8 Nd6 49. Kf2 Kc4 50. Ke3 Kxb4 51. Kd4 Ndb5+ 52. Kd3
a3 53. Kc2 d4 54. Rd8 a2 55. Kb2 Kc4 56. Rc8+ Kd3 57. Rd8 Na3 58. Ra8 Nc2 59.
Kc1 a1=Q+ 0-1

[Event "IX Floripa Chess Open Fort Atacadista"]
[Site "Florianópolis - Santa Catari"]
[Date "2023.01.29"]
[Round "10.117"]
[White "Pereira Junior, Ignacio Marrero"]
[Black "Valcarcel, Victor Ignacio Dos "]
[Result "0-1"]
[WhiteElo "1665"]
[BlackElo "1873"]
[PlyCount "64"]
[EventDate "2023.01.23"]
[EventRounds "10"]
[EventCountry "BRA"]

1. e4 e5 2. Nf3 Nc6 3. Bb5 Nf6 4. d3 Bc5 5. c3 d6 6. O-O O-O 7. h3 a6 8. Ba4 b5
9. Bc2 Bb7 10. Re1 Ne7 11. Nbd2 Ng6 12. Nf1 Nh5 13. Nxe5 Qh4 14. d4 Bxd4 15.
cxd4 dxe5 16. d5 Rad8 17. Qg4 Rd6 18. Be3 Nhf4 19. Bc5 Qh6 20. Ne3 Nh4 21. Bxd6
cxd6 22. Rac1 Bc8 23. Nf5 Bxf5 24. exf5 Nfxg2 25. Red1 Nf4 26. Be4 Qf6 27. Rc6
g6 28. fxg6 fxg6 29. Rc8 Ne2+ 30. Kh1 Qxf2 31. Rxf8+ Kxf8 32. Bg2 Ng3+ 0-1

[Event "IX Floripa Chess Open Fort Atacadista"]
[Site "Florianópolis - Santa Catari"]
[Date "2023.01.29"]
[Round "10.118"]
[White "Marques Junior, Marcos Antonio"]
[Black "Do Carmo, Gabriel Carckeno"]
[Result "1/2-1/2"]
[WhiteElo "1870"]
[BlackElo "1651"]
[PlyCount "141"]
[EventDate "2023.01.23"]
[EventRounds "10"]
[EventCountry "BRA"]

1. e4 e6 2. d4 d5 3. Nc3 Nf6 4. e5 Nfd7 5. f4 c5 6. dxc5 Bxc5 7. Qg4 g6 8. Nf3
Nc6 9. Bd3 Nb4 10. Bd2 Qb6 11. Na4 Nxd3+ 12. cxd3 Qb5 13. Nxc5 Nxc5 14. O-O
Qxd3 15. Bb4 Qb5 16. Bxc5 Qxc5+ 17. Kh1 b6 18. Rac1 Qe7 19. Rc3 Bd7 20. Rfc1
O-O 21. Ng5 h5 22. Qh3 Rac8 23. g4 d4 24. Rxc8 Rxc8 25. Rxc8+ Bxc8 26. gxh5
Bb7+ 27. Kg1 Qc5 28. b4 Qxb4 29. hxg6 Qb1+ 30. Kf2 Qxa2+ 31. Ke1 Qb1+ 32. Kd2
Qb2+ 33. Kd1 Qb1+ 34. Kd2 Qxg6 35. Qa3 Qf5 36. Qg3 Qg6 37. Qa3 Bd5 38. Qg3 a5
39. h4 Kh8 40. Qa3 Kg7 41. Qg3 Kh6 42. Qg1 f6 43. h5 Qf5 44. Nf7+ Kh7 45. Qxd4
Qxh5 46. Nd6 fxe5 47. fxe5 Qg5+ 48. Ke1 Qg3+ 49. Kd2 Kg6 50. Qxb6 Qxe5 51. Qg1+
Qg5+ 52. Qxg5+ Kxg5 53. Ke3 a4 54. Kd4 a3 55. Kc3 Kf4 56. Nb5 a2 57. Kb2 e5 58.
Nc3 Be6 59. Ka1 Ke3 60. Kb2 Kd2 61. Ne4+ Ke3 62. Nc3 Kd3 63. Na4 Bc4 64. Ka1
Kc2 65. Nc3 Ba6 66. Ne4 Bb7 67. Nf6 Kb3 68. Ne4 Bd5 69. Nf6 Be6 70. Ne4 Kc4 71.
Ng5 1/2-1/2

[Event "IX Floripa Chess Open Fort Atacadista"]
[Site "Florianópolis - Santa Catari"]
[Date "2023.01.29"]
[Round "10.119"]
[White "Martins, Giovanni Custodio"]
[Black "Barbosa, Flavio Novais"]
[Result "0-1"]
[WhiteElo "1658"]
[BlackElo "1863"]
[PlyCount "90"]
[EventDate "2023.01.23"]
[EventRounds "10"]
[EventCountry "BRA"]

1. e4 e6 2. c4 c5 3. Nf3 Nc6 4. Nc3 d6 5. g3 Nf6 6. Bg2 Be7 7. O-O O-O 8. d4
cxd4 9. Nxd4 e5 10. Nc2 Be6 11. Ne3 Nd4 12. Ned5 Nxd5 13. Nxd5 Bxd5 14. exd5
Rc8 15. Qd3 Qb6 16. b3 a5 17. Be3 a4 18. Rab1 axb3 19. Rxb3 Qa7 20. Rfb1 Rc7
21. Be4 g6 22. Ra3 Qc5 23. Ra4 Rd7 24. Rb5 Qc8 25. Bxd4 exd4 26. Qxd4 f5 27.
Bd3 Bf6 28. Qb6 Qe8 29. Rb1 Re7 30. Qxd6 Qxa4 31. Qc5 Qd7 32. Rb6 Rc8 33. Qb4
Bd4 34. Rb5 b6 35. a4 Bc5 36. Qc3 Qd6 37. a5 bxa5 38. Qxa5 Bd4 39. Qd2 Qe5 40.
Kg2 Ra7 41. f4 Qe3 42. Qc2 Rca8 43. Qb1 Ra2+ 44. Kh3 Qf3 45. Bxf5 Qh5# 0-1

[Event "IX Floripa Chess Open Fort Atacadista"]
[Site "Florianópolis - Santa Catari"]
[Date "2023.01.29"]
[Round "10.120"]
[White "Mariano, Kaiki Pereira"]
[Black "Rodrigues, Nei Jorge"]
[Result "1-0"]
[WhiteElo "1639"]
[BlackElo "1845"]
[PlyCount "64"]
[EventDate "2023.01.23"]
[EventRounds "10"]
[EventCountry "BRA"]

1. d4 Nf6 2. c4 e6 3. g3 c5 4. d5 exd5 5. cxd5 d6 6. Bg2 g6 7. Nf3 Bg7 8. Nc3
O-O 9. h3 Re8 10. O-O Na6 11. Re1 Bd7 12. a4 Nb4 13. e4 Rb8 14. Bf4 Nh5 15.
Bxd6 Bxa4 16. Qxa4 Qxd6 17. e5 Bxe5 18. Nxe5 Rxe5 19. Rxe5 Qxe5 20. Qxa7 Nd3
21. Rb1 Re8 22. Rf1 Qd4 23. Qa4 Qxa4 24. Nxa4 b5 25. Nc3 b4 26. Ne4 Rd8 27. b3
f5 28. Ng5 Ng7 29. Rd1 Ne5 30. Rc1 Nd3 31. Rd1 Ne5 32. Rc1 Nd3 1-0

[Event "IX Floripa Chess Open Fort Atacadista"]
[Site "Florianópolis - Santa Catari"]
[Date "2023.01.29"]
[Round "10.121"]
[White "Jiang, Lucas Zirui"]
[Black "Ribeiro, Regina"]
[Result "0-1"]
[WhiteElo "1637"]
[BlackElo "1842"]
[PlyCount "38"]
[EventDate "2023.01.23"]
[EventRounds "10"]
[EventCountry "BRA"]

1. d4 Nf6 2. Nf3 d6 3. c4 g6 4. Nc3 Bg7 5. h3 O-O 6. Bf4 Nh5 7. Bh2 c5 8. d5
Qa5 9. Qb3 a6 10. e4 Nd7 11. Bd3 b5 12. O-O bxc4 13. Bxc4 Rb8 14. Qc2 Rb4 15.
Bd3 c4 16. a3 Rxb2 17. Qxb2 Bxc3 18. Qc2 cxd3 19. Qxd3 Bxa1 0-1

[Event "IX Floripa Chess Open Fort Atacadista"]
[Site "Florianópolis - Santa Catari"]
[Date "2023.01.29"]
[Round "10.122"]
[White "Amarilla Ettiene, Ezequiel"]
[Black "Nunes, Agatha Hurba"]
[Result "1-0"]
[WhiteElo "1616"]
[BlackElo "1823"]
[PlyCount "47"]
[EventDate "2023.01.23"]
[EventRounds "10"]
[EventCountry "BRA"]

1. e4 e6 2. d4 d5 3. e5 c5 4. c3 Nc6 5. Nf3 Qb6 6. a3 c4 7. Nbd2 Be7 8. Be2 Bd7
9. O-O O-O-O 10. b3 cxb3 11. Nxb3 f6 12. Be3 Qc7 13. c4 h5 14. cxd5 exd5 15.
Qd2 Nh6 16. exf6 Bxf6 17. Bf4 Qb6 18. Rab1 Nf5 19. Nc5 Qa5 20. Qb2 Qb6 21. Qa2
Qa5 22. Nxb7 Qa4 23. Nc5 Qa5 24. Ba6+ 1-0

[Event "IX Floripa Chess Open Fort Atacadista"]
[Site "Florianópolis - Santa Catari"]
[Date "2023.01.29"]
[Round "10.123"]
[White "Boabaid, Jorge Alberto Duard"]
[Black "Calcada, Lucas Galvan"]
[Result "0-1"]
[WhiteElo "1822"]
[BlackElo "1638"]
[PlyCount "92"]
[EventDate "2023.01.23"]
[EventRounds "10"]
[EventCountry "BRA"]

1. d4 d5 2. c4 e6 3. Nc3 c5 4. e3 Nc6 5. Nf3 Nf6 6. cxd5 exd5 7. Be2 c4 8. O-O
Bb4 9. Qc2 O-O 10. Bd2 Bxc3 11. Bxc3 Ne4 12. Nd2 Bf5 13. Qd1 Qg5 14. Nf3 Qf6
15. h3 b5 16. Nh2 b4 17. Be1 a5 18. f3 Nd6 19. Ng4 Bxg4 20. fxg4 Qe7 21. Bf2
Ne4 22. Bf3 Rfe8 23. Bxe4 Qxe4 24. Qd2 Rac8 25. Rac1 Na7 26. a3 bxa3 27. bxa3
Nc6 28. Rb1 Rb8 29. Rbc1 Rb3 30. Rc3 Reb8 31. Rfc1 a4 32. Bg3 Rxc3 33. Rxc3 Rb3
34. Bd6 Rxc3 35. Qxc3 Qb1+ 36. Kh2 Qb3 37. Qe1 Qd3 38. Qc1 c3 39. e4 c2 40.
exd5 Nxd4 41. Qe1 h6 42. Qe8+ Kh7 43. Bf4 Ne2 44. Bxh6 Qg3+ 45. Kh1 Qe1+ 46.
Kh2 Qg1# 0-1

[Event "IX Floripa Chess Open Fort Atacadista"]
[Site "Florianópolis - Santa Catari"]
[Date "2023.01.29"]
[Round "10.125"]
[White "Dos Santos, Dwlyan Silva"]
[Black "Luz, Christian Oliveira"]
[Result "1-0"]
[WhiteElo "1810"]
[BlackElo "1594"]
[PlyCount "49"]
[EventDate "2023.01.23"]
[EventRounds "10"]
[EventCountry "BRA"]

1. e4 c5 2. Nf3 Nc6 3. d4 cxd4 4. Nxd4 e5 5. Nb5 d6 6. N1c3 a6 7. Na3 b5 8. Nd5
Nf6 9. Bg5 Be7 10. Bxf6 Bxf6 11. g3 O-O 12. Bg2 Bg5 13. O-O Be6 14. c3 Rc8 15.
Nc2 Ne7 16. Nce3 Nxd5 17. Nxd5 Bh6 18. Qd3 f5 19. exf5 Bxf5 20. Be4 Bxe4 21.
Qxe4 Rc4 22. Qe2 Qg5 23. Rad1 Rd8 24. b3 Rc5 25. h4 1-0

[Event "IX Floripa Chess Open Fort Atacadista"]
[Site "Florianópolis - Santa Catari"]
[Date "2023.01.29"]
[Round "10.126"]
[White "Teramoto, Anderson"]
[Black "Casalaspro, Mathias Andre"]
[Result "0-1"]
[WhiteElo "1607"]
[BlackElo "1806"]
[PlyCount "78"]
[EventDate "2023.01.23"]
[EventRounds "10"]
[EventCountry "BRA"]

1. c4 Nf6 2. Nf3 e6 3. g3 d5 4. cxd5 exd5 5. d4 Bd6 6. Bg2 O-O 7. O-O Bf5 8.
Nh4 Be6 9. Nc3 c6 10. Qb3 Qb6 11. Qxb6 axb6 12. e4 dxe4 13. Nxe4 Nxe4 14. Bxe4
Rxa2 15. Rxa2 Bxa2 16. Be3 Na6 17. Nf5 Bb4 18. Bf4 Rd8 19. Ra1 Bd5 20. f3 g6
21. Nh6+ Kg7 22. Bxd5 Rxd5 23. Ng4 f6 24. Rd1 g5 25. Be3 Nc7 26. Bf2 Ra5 27.
Be1 Rb5 28. Bc3 Nd5 29. Bxb4 Rxb4 30. Rd2 Rb3 31. Kg2 h5 32. Nf2 Ne3+ 33. Kg1
Nc4 34. Re2 Kf7 35. Rc2 b5 36. Ne4 Rd3 37. Nc5 Rxd4 38. Nxb7 Rd1+ 39. Kf2 Rh1
0-1

[Event "IX Floripa Chess Open Fort Atacadista"]
[Site "Florianópolis - Santa Catari"]
[Date "2023.01.29"]
[Round "10.127"]
[White "Belina, Jose Carlos Fernand"]
[Black "Tamayo, Jose Luis"]
[Result "1/2-1/2"]
[WhiteElo "1546"]
[BlackElo "1805"]
[PlyCount "67"]
[EventDate "2023.01.23"]
[EventRounds "10"]
[EventCountry "BRA"]

1. e4 e5 2. Nf3 Nc6 3. Bb5 a6 4. Ba4 Nf6 5. O-O b5 6. Bb3 Be7 7. Re1 O-O 8. c3
d5 9. exd5 Nxd5 10. Nxe5 Nxe5 11. Rxe5 c6 12. h3 Bd6 13. Re1 Qf6 14. d4 Nf4 15.
Bxf4 Qxf4 16. g3 Qh6 17. h4 Bd7 18. Qf3 Rae8 19. Na3 Rxe1+ 20. Rxe1 Bxa3 21.
bxa3 Qd6 22. a4 b4 23. c4 c5 24. d5 f5 25. Qf4 Qxf4 26. gxf4 Kf7 27. Bc2 Kf6
28. Kg2 Re8 29. Rxe8 Bxe8 30. a5 h5 31. Bd1 g6 32. Bf3 Ke7 33. Kf1 Kd6 34. Ke2
1/2-1/2

[Event "IX Floripa Chess Open Fort Atacadista"]
[Site "Florianópolis - Santa Catari"]
[Date "2023.01.29"]
[Round "10.128"]
[White "Lunelli, Neuri Antonio"]
[Black "Romais, Rodrigo"]
[Result "1-0"]
[WhiteElo "1799"]
[BlackElo "1548"]
[PlyCount "36"]
[EventDate "2023.01.23"]
[EventRounds "10"]
[EventCountry "BRA"]

1. c4 e6 2. g3 Nf6 3. Bg2 d5 4. d4 c6 5. Nc3 Nbd7 6. cxd5 cxd5 7. Nf3 Bd6 8.
O-O a6 9. Qc2 b5 10. e4 dxe4 11. Nxe4 Nxe4 12. Qxe4 Rb8 13. Bg5 Nf6 14. Bxf6
gxf6 15. Rfe1 Bb7 16. Qh4 Be7 17. Rad1 Qd5 18. Qf4 Qxa2 1-0